Αιγαίο των αγγέλων : τραγούδια του Αιγαίου, τραγούδια της θάλασσας

Αποθηκεύτηκε σε:
Λεπτομέρειες βιβλιογραφικής εγγραφής
Συγγραφή απο Οργανισμό/Αρχή: Πειραματικό Μουσικό Γυμνάσιο - Λύκειο Παλλήνης
Άλλοι συγγραφείς: Σουλακέλλης, Θεοφάνης Α., 1963- (Επιμελητής έκδοσης)
Μορφή: Βιβλίο
Γλώσσα:Greek
Δημοσίευση: Αθήνα : Πειραματικό Μουσικό Γυμνάσιου - Λύκειο Παλλήνης, 1999
Θέματα:
Ετικέτες: Προσθήκη ετικέτας
Δεν υπάρχουν, Καταχωρήστε ετικέτα πρώτοι!

MARC

LEADER 00000cam a2200000 i 4500
001 1/9727
008 000824s1999 gre d
035 |l 10063172 
040 |a GR-MY-UA  |b gre  |e aacr 
041 0 |a gre 
082 0 |a 782.4216289 
245 1 0 |a Αιγαίο των αγγέλων :  |b τραγούδια του Αιγαίου, τραγούδια της θάλασσας /  |c επιλογή - μουσική επιμέλεια Θεοφάνης Σουλακέλλης ; Πειραματικό Μουσικό Γυμνάσιο - Λύκειο Παλλήνης 
260 |a Αθήνα :   |b Πειραματικό Μουσικό Γυμνάσιου - Λύκειο Παλλήνης,   |c 1999 
300 |a 125 σ.  |b εικ.  |e 1 cd 
650 0 |a Folk songs, Greek  |z Aegean Islands (Greece and Turkey) 
650 0 0 |a Musical instruments  |x History. 
650 0 |a Music  |z Aegean Islands (Greece and Turkey)  |x History. 
700 1 |a Σουλακέλλης, Θεοφάνης Α.,   |d 1963-  |4 edt 
710 2 |a Πειραματικό Μουσικό Γυμνάσιο - Λύκειο Παλλήνης. 
852 |a INST  |b LESVOS  |e 20000824  |h 782.4216289 ΑΙΓ  |p 005100020094  |q 005100020094  |t BK  |y 4  |x 20060404 
852 |a INST  |b LESVOS  |e 20000824  |h 782.4216289 ΑΙΓ   |p 005100027372  |q 005100027372  |t BK  |y 0 
901 |a BIBL1-2000-2 
909 |a Λ  |b 077666 
909 |a Λ  |b 077679 
970 |z 2000/08/ΧΡΥΣΑΝΘΗ